African countries without an A - Statistics

General Stats
  • This quiz has been taken 182 times
  • The average score is 10 of 12
Answer Stats
Answer % Correct
Egypt
94%
Djibouti
92%
Benin
87%
Morocco
87%
Lesotho
86%
Togo
84%
Comoros
83%
Burundi
82%
Niger
80%
Seychelles
73%
Republic of Congo
70%
Cote d'Ivoire
63%
No matching quizzes found
Score Distribution
Percent of People with Each Score
Percentile by Number Answered
Your Score History
You have not taken this quiz